1481 1748 1558 1720 1760 1513 1142 1170 1467 1930 1469 1670 1347 1504 1529 1063 1767 1234 1592 1108 1799 1366 1552 1360 1947 1957 1771 1321 1288 1213 1945 1827 1088 1036 1016 1031 1766 1756 1934 1337 1405 1295 1920 1293 1441 1024 1784 1097 1913 1552 1278 1744 1982 1361 1615 1795 1992 1195 1707 1118 1996 1534 1995 1651 1765 1837 1787 1086 1080 1683 1145 1715 1568 1047 1399 1423 1309 1173 1588 1210 1026 1395 1628 1581 1930 1404 1742 1212 1030 1585 1426 1824 1965 1038 1821 1905 1296 1661 1783 BCNSPRNW ULIB Ver.6.0+V

เปลี่ยนเป็นภาษาไทย

Change to English
 แสดงรายละเอียดบรรณานุกรม
  กลับหน้าหลัก

Brief Record : Get Marc (ISO 2709) : E-mail record : QR code < ปิดหน้าต่าง
LEADER : 00000nam 2200000uu 4500
001    13399122293
003     ULIB
008    050256s2555||||th 000 0 tha d
020    9786161112394
060 04 WY159^bพ231ก ล.3
100 0  พรทิพย์ ศิริบูรณ์พิพัฒนา,^eบรรณาธิการ
245 00 การพยาบาลเด็ก เล่ม 3 /^cบรรณาธิการ, พรทิพย์ ศิริบูรณ์พิพัฒนา
250    พิมพ์ครั้งที่ 1(ฉบับปรับปรุง)
260    นนทบุรี :^bโครงการสวัสดิการวิชาการ สถาบันพระบรมราชชนกกระทรวงสาธารณสุข,^c2555
300    462 หน้า :^bภาพประกอบ
650  7 การพยาบาลกุมารเวชศาสตร์
650  7 เด็ก^xการดูแล
710 2  กระทรวงสาธารณสุข
710 2  สถาบันพระบรมราชราชชนก ^bโครงการสวัสดิการวิชาการ
945    ^p270^l0^i19825
945    ^p270^l0^i19826
945    ^p270^l0^i19827
945    ^p270^l0^i19828
945    ^p270^l0^i19829
945    ^p270^l0^i19830
945    ^p270^l0^i19831
945    ^p270^l0^i19832
945    ^p270^l0^i19833
945    ^p270^l0^i19834
945    ^p270^l0^i20197
945    ^p270^l0^i20198
995    ทศพร
999    ^aใช้งานได้ทุกระบบ
รายการนี้ยังไม่มีแท็ก
คุณยังไม่ได้ล็อกอิน คุณสามารถมีกิจกรรมร่วมกับเว็บไซต์ได้ แต่ต้องล็อกอินก่อน ::
  ล็อกอิน

รายการสื่อสารสนเทศ

ลำดับที่ ประเภท เลขเรียก/บาร์โค้ด สถานที่ สถานะ
1. Book การพยาบาล
Book การพยาบาล
สถานะ=หนังสือเก่า
WY159 พ231ก ล.3 ฉ.1 
  Barcode: 19825
ห้องสมุดวิทยาเขตนครสวรรค์
►ส่วนจัดเก็บหนังสือเก่า นว.
บนชั้น
  ขอยืม
2. Book การพยาบาล
Book การพยาบาล
สถานะ=หนังสือเก่า
WY159 พ231ก ล.3 ฉ.10 
  Barcode: 19834
ห้องสมุดวิทยาเขตนครสวรรค์
►ส่วนจัดเก็บหนังสือเก่า นว.
บนชั้น
  ขอยืม
3. Book การพยาบาล
Book การพยาบาล
สถานะ=หนังสือเก่า
WY159 พ231ก ล.3 ฉ.11 
  Barcode: 20197
ห้องสมุดวิทยาเขตนครสวรรค์
►ส่วนจัดเก็บหนังสือเก่า นว.
บนชั้น
  ขอยืม
4. Book การพยาบาล
Book การพยาบาล
สถานะ=หนังสือเก่า
WY159 พ231ก ล.3 ฉ.12 
  Barcode: 20198
ห้องสมุดวิทยาเขตนครสวรรค์
►ส่วนจัดเก็บหนังสือเก่า นว.
บนชั้น
  ขอยืม
5. Book การพยาบาล
Book การพยาบาล
สถานะ=หนังสือเก่า
WY159 พ231ก ล.3 ฉ.2 
  Barcode: 19826
ห้องสมุดวิทยาเขตนครสวรรค์
►ส่วนจัดเก็บหนังสือเก่า นว.
บนชั้น
  ขอยืม
6. Book การพยาบาล
Book การพยาบาล
สถานะ=หนังสือเก่า
WY159 พ231ก ล.3 ฉ.3 
  Barcode: 19827
ห้องสมุดวิทยาเขตนครสวรรค์
►ส่วนจัดเก็บหนังสือเก่า นว.
บนชั้น
  ขอยืม
7. Book การพยาบาล
Book การพยาบาล
สถานะ=หนังสือเก่า
WY159 พ231ก ล.3 ฉ.4 
  Barcode: 19828
ห้องสมุดวิทยาเขตนครสวรรค์
►ส่วนจัดเก็บหนังสือเก่า นว.
บนชั้น
  ขอยืม
8. Book การพยาบาล
Book การพยาบาล
สถานะ=หนังสือเก่า
WY159 พ231ก ล.3 ฉ.5 
  Barcode: 19829
ห้องสมุดวิทยาเขตนครสวรรค์
►ส่วนจัดเก็บหนังสือเก่า นว.
บนชั้น
  ขอยืม
9. Book การพยาบาล
Book การพยาบาล
สถานะ=หนังสือเก่า
WY159 พ231ก ล.3 ฉ.6 
  Barcode: 19830
ห้องสมุดวิทยาเขตนครสวรรค์
►ส่วนจัดเก็บหนังสือเก่า นว.
บนชั้น
  ขอยืม
10. Book การพยาบาล
Book การพยาบาล
สถานะ=หนังสือเก่า
WY159 พ231ก ล.3 ฉ.7 
  Barcode: 19831
ห้องสมุดวิทยาเขตนครสวรรค์
►ส่วนจัดเก็บหนังสือเก่า นว.
บนชั้น
  ขอยืม
11. Book การพยาบาล
Book การพยาบาล
สถานะ=หนังสือเก่า
WY159 พ231ก ล.3 ฉ.8 
  Barcode: 19832
ห้องสมุดวิทยาเขตนครสวรรค์
►ส่วนจัดเก็บหนังสือเก่า นว.
บนชั้น
  ขอยืม
12. Book การพยาบาล
Book การพยาบาล
สถานะ=หนังสือเก่า
WY159 พ231ก ล.3 ฉ.9 
  Barcode: 19833
ห้องสมุดวิทยาเขตนครสวรรค์
►ส่วนจัดเก็บหนังสือเก่า นว.
บนชั้น
  ขอยืม

รายการใกล้เคียง
    ผู้แต่ง [พรทิพย์ ศิริบูรณ์พิพัฒนา, บรรณาธิการ]

    หัวเรื่อง [การพยาบาลกุมารเวชศาสตร์]
    หัวเรื่อง [เด็ก การดูแล]

BibComment


ยังไม่เคยถูกคอมเมนท์

คอมเมนท์ทรัพยากรรายการนี้
  คอมเมนท์: การพยาบาลเด็ก เล่..


 Copyright 2026. Bcnsprnw @Library